Cutnet & Johnson's physics / (Record no. 165990)
[ view plain ]
| 000 -LEADER | |
|---|---|
| fixed length control field | 00651cam a2200241Ia 4500 |
| 008 - FIXED-LENGTH DATA ELEMENTS--GENERAL INFORMATION | |
| fixed length control field | |
| 020 ## - INTERNATIONAL STANDARD BOOK NUMBER | |
| International Standard Book Number | 0471164100 (pbk. ) |
| 049 ## - LOCAL HOLDINGS (OCLC) | |
| Holding library | MAIN |
| 050 04 - LIBRARY OF CONGRESS CALL NUMBER | |
| Classification number | QC23.2.C87 COM |
| 003 - CONTROL NUMBER IDENTIFIER | |
| control field | |
| 005 - DATE AND TIME OF LATEST TRANSACTION | |
| control field | 20230123134436.0 |
| 040 ## - CATALOGING SOURCE | |
| Transcribing agency | NUST |
| 100 ## - MAIN ENTRY--PERSONAL NAME | |
| Personal name | Comella, Mark J. |
| 245 #4 - TITLE STATEMENT | |
| Title | Cutnet & Johnson's physics / |
| Remainder of title | Mark J.Comella. |
| 260 ## - PUBLICATION, DISTRIBUTION, ETC. | |
| Place of publication, distribution, etc. | New York : |
| Name of publisher, distributor, etc. | John Willy &Sons,Inc, |
| Date of publication, distribution, etc. | 1998. |
| 300 ## - PHYSICAL DESCRIPTION | |
| Extent | 291 p. : |
| Dimensions | 28 cm. |
| 500 ## - GENERAL NOTE | |
| General note | Includes index. |
| 650 #0 - SUBJECT ADDED ENTRY--TOPICAL TERM | |
| Topical term or geographic name entry element | Computer graphics. |
| 700 1# - ADDED ENTRY--PERSONAL NAME | |
| Personal name | Cutnell,John D. |
| 700 ## - ADDED ENTRY--PERSONAL NAME | |
| Personal name | Johnson Kenneth, W |
| 907 ## - LOCAL DATA ELEMENT G, LDG (RLIN) | |
| a | .b10241826 |
| b | 20-09-07 |
| c | 02-05-07 |
| 942 ## - ADDED ENTRY ELEMENTS (KOHA) | |
| Koha item type | Ordinary Loan Books |
| Date last seen | Total Checkouts | Full call number | Barcode | Cost, replacement price | Price effective from | Koha item type | Lost status | Source of classification or shelving scheme | Damaged status | Not for loan | Collection | Withdrawn status | Home library | Current library | Shelving location | Date acquired | Cost, normal purchase price |
|---|---|---|---|---|---|---|---|---|---|---|---|---|---|---|---|---|---|
| 01/23/2023 | 39 | QC23.2.C87 COM | 92004006912 | 80.00 | 01/23/2023 | BOOKS | LCC | NFIC | MAIN | MAIN | GEN | 01/23/2023 | 80.00 |